Logo BPK

Biblioteka

Politechniki Koszalińskiej

Za chlebem ... wrócić czy zostać? Młodzi Polacy w poszukiwaniu swojej szansy rok po wstąpieniu Polski do Unii Europejskiej : (Rekord nr 52718)

Szczegóły MARC
000 -ETYKIETA REKORDU
podpole kontrolne o stałej długości 01134nam a2200277 i 4500
001 - NUMER KONTROLNY REKORDU
pole kontrolne bg
020 ## - MIĘDZYNARODOWY ZNORMALIZOWANY NUMER KSIĄŻKI - ISBN
ISBN 8388469886
040 ## - ŹRÓDŁO KATALOGOWANIA
Instytucja, która utworzyła rekord BPK
041 0# - KOD JĘZYKA
Kod języka tekstu pol
080 ## - UNIWERSALNA KLASYFIKACJA DZIESIĘTNA - UKD
UKD 331.5:314.74:332.1](438:4-67)"2001/..."(061.3)
920 ## - Międzynarodowy znormalizowany numer książki – ISBN
ISBN 83-88469-88-6
008 - POLE O STAŁEJ DŁUGOŚCI - DANE KONTROLNE
podpole kontrolne o stałej długości s pl f |000 0 pol
245 00 - TYTUŁ/ODPOWIEDZIALNOŚĆ
Tytuł Za chlebem ... wrócić czy zostać? Młodzi Polacy w poszukiwaniu swojej szansy rok po wstąpieniu Polski do Unii Europejskiej :
Ciąg dalszy tytułu materiały pokonferencyjne /
Pozostałe elementy strefy tytułu i oznaczenia odpowiedzialności [kom. nauk. Lech Milian et al.] ; Akademia im. Jana Długosza, Politechnika Częstochowska.
260 ## - STREFA ADRESU WYDAWNICZEGO
Miejsce wydania Częstochowa :
Nazwa wydawcy/dystrybutora Sekcja Wydawnictw Wydziału Zarządzania Politechniki Częstochowskiej,
Data publikacji, dystrybucji/powstania dokumentu 2005.
300 ## - STREFA OPISU FIZYCZNEGO
Objętość 166 s. :
Inne cechy fizyczne wykr. ;
Rozmiary 24 cm.
504 ## - UWAGA DOTYCZĄCA BIBLIOGRAFII
Informacje o bibliografii Bibliogr. przy ref.
610 29 - HASŁO PRZEDMIOTOWE W FORMIE NAZWY CIAŁA ZBIOROWEGO
Nazwa ciała zbiorowego lub nazwa geograficzna Unia Europejska
Określnik ogólny a Polska
-- zatrudnienie
650 #9 - HASŁO PRZEDMIOTOWE W FORMIE NAZWY OGÓLNEJ LUB JEDNOSTKOWEJ
Nazwa ogólna lub geograficzna Rynek pracy
Określnik geograficzny Polska
Określnik chronologiczny od 2001 r.
650 #9 - HASŁO PRZEDMIOTOWE W FORMIE NAZWY OGÓLNEJ LUB JEDNOSTKOWEJ
Nazwa ogólna lub geograficzna Emigracja zarobkowa
Określnik geograficzny Polska
Określnik chronologiczny od 2001 r.
651 #9 - HASŁO PRZEDMIOTOWE W FORMIE NAZWY GEOGRAFICZNEJ
Nazwa geograficzna Polska
Określnik ogólny a Unia Europejska
-- zatrudnienie
655 ## - TERMIN INDEKSOWY - OKREŚLENIE RODZAJU/FORMY DOKUMENTU
Określenie rodzaju/formy dokumentu Materiały konferencyjne
700 1# - HASŁO DODATKOWE - NAZWA OSOBOWA
Nazwa osobowa MILIAN, Lech
710 #0 - HASŁO DODATKOWE - NAZWA CIAŁA ZBIOROWEGO
Nazwa ciała zbiorowego lub jednostki geograficznej Akademia im. Jana Długosza
710 #0 - HASŁO DODATKOWE - NAZWA CIAŁA ZBIOROWEGO
Nazwa ciała zbiorowego lub jednostki geograficznej Politechnika Częstochowska
856 ## - LOKALIZACJA I DOSTĘP DO ELEKTRONICZNYCH DOKUMENTÓW ZDALNYCH
Link (URL) http://koha.tu.koszalin.pl/cgi-bin/koha/opac-detail.pl?biblionumber=52718
Tekst linku Katalog online BPK
942 ## - DODATKOWE ELEMENTY (KOHA)
Typ dokumentu Książka
Egzemplarze
Wycofany Status egzemplarza Uszkodzony Dostępność Lokalizacja stała Lokalizacja bieżąca Miejsce przechowywania Sygnatura Kod kreskowy Dział Typ dokumentu
      Tylko na miejscu Biblioteka Politechniki Koszalińskiej Biblioteka Politechniki Koszalińskiej Czytelnia Wydziałowa ul. Kwiatkowskiego 6e 81515 02344614 331 Praca Książka
© 2023 Biblioteka Politechniki Koszalińskiej :: KOHA